Etiqueta de registo: 00000nkm 2200025 450
001 2263967
003 http://id.bnportugal.gov.pt/bib/catbnp/2263967
100 ## $a20260210d1986 m y0pory01030103ba
101 0# $apor
102 ## $aPT
200 1# $aAcademia da Força Aérea, Concurso de admissão para pilotos aviadores$bVisual gráfico]$fCentro de Recrutamento da Força Aérea$gBelmiro
210 #9 $a[S.l.]$cCentro de Recrutamento da Força Aérea,$d1986$e[S.l.] :$gCentral de Publicações da Força Aérea)
215 ## $a1 cartaz$ccolor.$d68,5x48 cm
317 ## $aColeção Madeira Luís
330 ## $aImagem do cartaz com ilustração da perspectiva do interior de um cockpit
675 ## $a766(=1:469)"198"(084.5)$vBN$zpor$31908448
702 #1 $aBelmiro$4440$31984424
710 02 $aCentro de Recrutamento da Força Aérea$31984416
801 #0 $aPT$bBN$gRPC
966 ## $lBN$mICONOG$sCT. 20052 A.$x3
971 ## $cCaticonografia5$d20260210
995 ## $aPRR2026 $d20260210$iCaticonografia5
Etiqueta de registo: 00000nkm 2200025 450
001 2263916
003 http://id.bnportugal.gov.pt/bib/catbnp/2263916
100 ## $a20260210f19801989m y0pory01030103ba
101 0# $apor
102 ## $aPT
200 1# $aAcademia da Força Aérea, Concurso de admissão para pilotos aviadores$bVisual gráfico]$fCentro de Recrutamento da Força Aérea
210 #9 $a[S.l.]$cCentro de Recrutamento da Força Aérea,$d[entre 1980 e 1989]$e[S.l.] :$gCentral de Publicações da Força Aérea)
215 ## $a1 cartaz$ccolor.$d68,2x47,8 cm
306 ## $aDatação atribuída em conformidade com as características formais do documento
317 ## $aColeção Madeira Luís
330 ## $aImagem do cartaz com 4 jatos da Força Aérea Portuguesa
675 ## $a766(=1:469)"198"(084.5)$vBN$zpor$31302430
710 02 $aCentro de Recrutamento da Força Aérea$31984416
801 #0 $aPT$bBN$gRPC
966 ## $lBN$mICONOG$sCT. 20048 A.$x3
971 ## $cCaticonografia5$d20260210
995 ## $aPRR2026 $d20260210$iCaticonografia5
Etiqueta de registo: 00000nkm 2200025 450
001 2263836
003 http://id.bnportugal.gov.pt/bib/catbnp/2263836
100 ## $a20260210f19781988m y0pory01030103ba
101 0# $apor
102 ## $aPT
200 1# $aAcademia da Força Aérea, concurso de admissão para pilotos aviadores$bVisual gráfico]$fCentro de Recrutamento da Força Aérea
210 #9 $aLisboa$cCentro de Recrutamento da Força Aérea,$d[entre 1978 e 1988]$e[S.l.] :$gCentral de Publicações da Força Aérea)
215 ## $a1 cartaz$ccolor.$d66,7x46,3 cm
306 ## $aDatação atribuída em conformidade com as características formais do documento
317 ## $aColeção Madeira Luís
330 ## $aImagem do cartaz com 2 pilotos aviadores sobre um fundo quadriculado azul e uma águia
branca estilizada em voo
675 ## $a766(=1:469)"197/198"(084.5)$vBN$zpor$31619299
710 02 $aCentro de Recrutamento da Força Aérea$31984416
801 #0 $aPT$bBN$gRPC
966 ## $lBN$mICONOG$sCT. 20044 A.$x3
971 ## $cCaticonografia5$d20260210
972 ## $d20260214$e0$vfpinelo$z0
995 ## $aPRR2026 $d20260210$iCaticonografia5